Sports Quiz

Random Sports or MLB Quiz

50 Stolen Bases, .500 Slugging Quiz Stats

 Plays Quiz not verified by Sporcle

Challenge
Share
Tweet
Embed
Score 0/30 Timer 05:00
1 Play Today
Year/Team % Correct
1990 AthleticsRickey Henderson
94.4%
1985 YankeesRickey Henderson
94.4%
1998 AstrosCraig Biggio
93.8%
1917 TigersTy Cobb
91.8%
1913 TigersTy Cobb
91.8%
1912 TigersTy Cobb
91.8%
1911 TigersTy Cobb
91.8%
1910 TigersTy Cobb
91.8%
1909 TigersTy Cobb
91.8%
1976 RedsJoe Morgan
88.2%
1975 RedsJoe Morgan
88.2%
1908 PiratesHonus Wagner
85.8%
1907 PiratesHonus Wagner
85.8%
1905 PiratesHonus Wagner
85.8%
1904 PiratesHonus Wagner
85.8%
Year/Team % Correct
1990 PiratesBarry Bonds
85%
2007 MarlinsHanley Ramirez
82.9%
1994 IndiansKenny Lofton
80.7%
1987 PadresTony Gwynn
79.9%
1985 CubsRyne Sandberg
73.8%
1987 ExposTim Raines
72.5%
1985 CardinalsWillie McGee
65.2%
1987 RedsEric Davis
64.3%
1986 RedsEric Davis
64.3%
1912 Red SoxTris Speaker
48.7%
1973 AstrosCesar Cedeno
44.7%
1972 AstrosCesar Cedeno
44.7%
1922 BrownsGeorge Sisler
36.8%
1915 Tip-Tops*Benny Kauff
7.2%
1914 Hoosiers*Benny Kauff
7.2%

You're not logged in!

Compare scores with friends on all Sporcle quizzes.
Join for Free
OR
Log In

You Might Also Like...

Show Comments

Extras

Top Quizzes Today


Score Distribution

Your Account Isn't Verified!

In order to create a playlist on Sporcle, you need to verify the email address you used during registration. Go to your Sporcle Settings to finish the process.

Report this User

Report this user for behavior that violates our Community Guidelines.

Details: